Дело об открытии школ для глухонемых и слепых детей

Доступно только в Электронных читальных залах Найти на картеНа карте
RUSMARC
00003543nmc2a22002413x 450
0014441fcc2-e9b0-4f82-a7e9-aa1edc0dcdab
00520230901023212.0
100##$a20221222l19001903k l0rusy0189 ca
1010#$arus
102##$aRU
105##$ay###
1222#$ad
2001#$aДело об открытии школ для глухонемых и слепых детей
$j29 ноября 1900 г. - 12 ноября 1903 г.
215##$a31 л.
$d36,5х26 см
251##$cДело
300##$aДело
371##$aДокумент не является опубликованным и широко распространяемым
461#0$1001a74412a3-3cc5-4d21-8f0a-dfe2fbd9e72d
$12001
$aДепартамент народного просвещения Министерства народного просвещения (1803-1917)
$1251
$cФонд
$1852
$j733
462#0$1001eee5cd01-9790-469a-9945-6bffddbc7761
$12001
$aРазряд общих дел
$1251
$cОпись
$1852
$j228
801#0$aRU
$bРГИА
$c20221222
$gRCR
801#1$aRU
$bГлавНИВЦ
$c20221222
$2rusmarc
801#2$aRU
$bПБ им. Б.Н. Ельцина
$c20230901
$gRCR
$2rusmarc
850##$aРГИА
852##$aРГИА
$eФедеральное казенное учреждение "Российский государственный исторический архив" (РГИА)
$j46
937##$hРГИА
$d12396477
$aASBIBLIO_SCAN
035##$aRusGRCC00059115
856##$uhttp://readingroom.main.prlib.ru/item.aspx?id_node=n187311854&mode=full
Формат отображения